00965nam a2200241 i 450000100060000000300090000600500170001500700030003200800410003502000180007604000220009408000140011610000430013024501410017326000360031430000220035049000520037265000670042483000600049185200330055199900170058495201220060115335ES-MaACL20230906151039.0t|000215s1998 sp ||||0| spa j a84-7738-606-4 aM-BN bspa cM-BN a316.77:321 aQuirós Fernández, Fernando.99479410aEstructura internacional de la información b: el poder mediático en la era de la globalización / cFernando Quirós Fernández. aMadrid : bSíntesis, c[1998] a300 p. ; c23 cm.1 aCiencias de la información. Periodismo ; v2714aMedios de comunicación social-xAspectos políticos.9149640 aCiencias de la información. Periodismo ; v279228564 aES-MaACLjL-22628 bR.127815 c15335d15335 00104070aATENEOMbATENEOMcDEPO2d2008-01-17eSCl0oL-22628p1015592r2023-02-23 00:00:00w2023-02-23yMONOGRAFIA